Նկատողություններ մեր գյուղագիրների մասին / (Record no. 115449)
[ view plain ]
| 000 -LEADER | |
|---|---|
| fixed length control field | 00958nam a2200217 a 4500 |
| 001 - CONTROL NUMBER | |
| control field | 000311867 |
| 003 - CONTROL NUMBER IDENTIFIER | |
| control field | AM-YeHGA |
| 005 - DATE AND TIME OF LATEST TRANSACTION | |
| control field | 20250618072005.0 |
| 008 - FIXED-LENGTH DATA ELEMENTS--GENERAL INFORMATION | |
| fixed length control field | 040224s1927 ai ||||gr|||||||||0|arm|d |
| 040 ## - CATALOGING SOURCE | |
| Original cataloging agency | AM-YeHGA |
| 041 0# - LANGUAGE CODE | |
| Language code of text/sound track or separate title | arm |
| 090 ## - LOCALLY ASSIGNED LC-TYPE CALL NUMBER (OCLC); LOCAL CALL NUMBER (RLIN) | |
| -- | 116793 |
| 100 1# - MAIN ENTRY--PERSONAL NAME | |
| Personal name | Տերտերյան, Արսեն Հարությունի, |
| Dates associated with a name | 1882-1953 |
| 9 (RLIN) | 1709 |
| 245 10 - TITLE STATEMENT | |
| Title | Նկատողություններ մեր գյուղագիրների մասին / |
| Statement of responsibility, etc. | Ա. Տերտերյան. |
| 260 ## - PUBLICATION, DISTRIBUTION, ETC. | |
| Place of publication, distribution, etc. | Յերևան : |
| Name of publisher, distributor, etc. | Համալսարանի հրատ., |
| Date of publication, distribution, etc. | 1927. |
| 300 ## - PHYSICAL DESCRIPTION | |
| Extent | 64 էջ ; |
| Dimensions | 26 սմ. |
| 500 ## - GENERAL NOTE | |
| General note | Արատատպություն Հ.Ս.Խ.Հ. Պետ. համալս. «Գիտական տեղեկագիր» № 2-3-ից։ |
| 650 14 - SUBJECT ADDED ENTRY--TOPICAL TERM | |
| Topical term or geographic name entry element | Հայ գրողների կյանքն ու գործունեությունը |
| 9 (RLIN) | 4515 |
| 856 41 - ELECTRONIC LOCATION AND ACCESS | |
| Uniform Resource Identifier | <a href="http://serials.flib.sci.am/Founders/Terteryan-Nkatoxutyunner/book/index.html#page/1/mode/2up">http://serials.flib.sci.am/Founders/Terteryan-Nkatoxutyunner/book/index.html#page/1/mode/2up</a> |
| Link text | Կարդալ առցանց |
| 942 ## - ADDED ENTRY ELEMENTS (KOHA) | |
| Source of classification or shelving scheme | Universal Decimal Classification |
| Koha item type | Գրքեր / Books |
| Withdrawn status | Lost status | Damaged status | Not for loan | Collection | Home library | Current library | Date acquired | Total checkouts | Full call number | Barcode | Date last seen | Price effective from | Koha item type | Public note |
|---|---|---|---|---|---|---|---|---|---|---|---|---|---|---|
| General | Fundamental Scientific Library | Fundamental Scientific Library | 22/12/2016 | AIII/5235 | FL0074232 | 22/12/2016 | 22/12/2016 | Գրքեր / Books | 30 Days Loan | |||||
| General | Fundamental Scientific Library | Fundamental Scientific Library | 22/12/2016 | AIII/1141 | FL0058487 | 22/12/2016 | 22/12/2016 | Գրքեր / Books | 30 Days Loan | |||||
| General | Fundamental Scientific Library | Fundamental Scientific Library | 22/12/2016 | AIII/5236 | FL0074458 | 22/12/2016 | 22/12/2016 | Գրքեր / Books | 30 Days Loan |
ՀՀ Գիտությունների ազգային ակադեմիայի հիմնարար գիտական գրադարան = Fundamental Scientific Library of NAS RA
All site content, except where otherwise noted, is licensed under a